Strategy: (Record no. 3485)

MARC details
000 -LEADER
fixed length control field 00559nam a22002057a 4500
003 - CONTROL NUMBER IDENTIFIER
control field OSt
005 - DATE AND TIME OF LATEST TRANSACTION
control field 20220107122728.0
008 - FIXED-LENGTH DATA ELEMENTS--GENERAL INFORMATION
fixed length control field 140103b xxu||||| |||| 00| 0 eng d
020 ## - INTERNATIONAL STANDARD BOOK NUMBER
International Standard Book Number 9788132110316
040 ## - CATALOGING SOURCE
Transcribing agency IIITM-K
082 ## - DEWEY DECIMAL CLASSIFICATION NUMBER
Classification number 658.4012 CLE/S
100 ## - MAIN ENTRY--PERSONAL NAME
Personal name Clegg, Stewart et.al
9 (RLIN) 2747
245 ## - TITLE STATEMENT
Title Strategy:
Remainder of title Theory and practice
Statement of responsibility, etc. by Stewart Clegg et.al
260 ## - PUBLICATION, DISTRIBUTION, ETC.
Place of publication, distribution, etc. New Delhi,
Name of publisher, distributor, etc. Sage,
Date of publication, distribution, etc. 2011.
300 ## - PHYSICAL DESCRIPTION
Extent xviii, 460p.
650 ## - SUBJECT ADDED ENTRY--TOPICAL TERM
Topical term or geographic name entry element MANAGEMENT
9 (RLIN) 2748
650 ## - SUBJECT ADDED ENTRY--TOPICAL TERM
Topical term or geographic name entry element STRATEGIC MANAGEMENT
9 (RLIN) 2749
650 ## - SUBJECT ADDED ENTRY--TOPICAL TERM
Topical term or geographic name entry element DECISION MAKING
9 (RLIN) 2750
942 ## - ADDED ENTRY ELEMENTS (KOHA)
Source of classification or shelving scheme Dewey Decimal Classification
Koha item type Books
Holdings
Withdrawn status Lost status Source of classification or shelving scheme Damaged status Not for loan Collection code Home library Current library Shelving location Date acquired Cost, normal purchase price Total Checkouts Full call number Barcode Date last seen Price effective from Koha item type
    Dewey Decimal Classification     Strategic Management Kerala University of Digital Sciences, Innovation and Technology Knowledge Centre Kerala University of Digital Sciences, Innovation and Technology Knowledge Centre Management 03/01/2014 488.00   658.4012 CLE/S 3148 03/12/2020 03/01/2014 Books